| 000 | 00397nam a2200169Ia 4500 | ||
|---|---|---|---|
| 001 | 9834 | ||
| 003 | IN-NITTTR | ||
| 005 | 20251114233051.0 | ||
| 008 | 251113s9999||||xx |||||||||||||| ||eng|| | ||
| 040 | _beng | ||
| 040 | _cIN-NITTTR | ||
| 041 | _aeng | ||
| 082 | _a625.7 B171H | ||
| 100 | _aBaker, Robert F. | ||
| 245 | 0 |
_aHandbook of highway engineering. / _cBaker, Robert F. |
|
| 942 |
_2ddc _cBK |
||
| 999 |
_c12471 _d12471 |
||